Georgia O'Keeffe : amazzone dell'arte moderna /
I tiakina i:
| Kaituhi matua: | |
|---|---|
| Ētahi atu kaituhi: | |
| Hōputu: | Pukapuka |
| Reo: | Itāriana |
| I whakaputaina: |
Bologna :
Oblomov,
2022
|
| Rangatū: | Feininger
|
| Ngā Tūtohu: |
Kāore He Tūtohu, Me noho koe te mea tuatahi ki te tūtohu i tēnei pūkete!
|
MARC
| LEADER | 00000nam a22000007i 4500 | ||
|---|---|---|---|
| 001 | IT\ICCU\UBO\4591496 | ||
| 003 | ItRI | ||
| 005 | 20260115232055.0 | ||
| 008 | 220216s2022 it |||||| ||||| |||||c | ||
| 020 | |a 9788831459426 | ||
| 040 | |b ita |c importazione bologna sebina | ||
| 041 | 7 | |a ita |2 ISO-639-2 | |
| 082 | |a 741.5945 |9 FUMETTI, ROMANZI A FUMETTI, FOTOROMANZI, VIGNETTE, CARICATURE, STRISCE A FUMETTI. Italia |2 23 | ||
| 100 | 1 | |a Colaone, Sara |0 IT\ICCU\MODV\283649 | |
| 240 | 1 | 0 | |a Georgia O'Keeffe |3 IT\ICCU\UBO\4591510 |9 Colaone, Sara |
| 245 | 1 | 0 | |a Georgia O'Keeffe : |b amazzone dell'arte moderna / |c Sara Colaone, Luca de Santis. |
| 260 | |a Bologna : |b Oblomov, |c 2022 | ||
| 300 | |a 189 p. : |b fumetti ; |c 30 cm | ||
| 700 | 1 | |a De Santis, Luca, |d (1978- ) |0 IT\ICCU\UBOV\259108 | |
| 830 | 0 | |a Feininger |0 IT\ICCU\MOD\1675198 | |
| 942 | |2 ddc |c BK |n 0 | ||
| 952 | |0 0 |1 0 |4 0 |6 F_741_594000000000000_COL |7 0 |9 19578 |a BO |b BO |d 2026-01-15 |i 19820 |l 0 |o F 741.594 COL |p BO19820 |r 2026-01-15 23:20:55 |w 2026-01-15 |x [Sebina 5] [1 v.] |y BK |z 1 v. | ||
| 999 | |c 16682 |d 16682 | ||